Statistics for Most expensive football transfers - Belgian footballers

Click here to take the quiz!

General Stats

  • This quiz has been taken 29 times
  • The average score is 9 of 10

Answer Stats

Fee (M €)SeasonLeftJoinedPlayer% Correct
76,002015-2016VfL WolfsburgManchester CityKevin De Bruyne
100%
113,002021-2022InterChelseaRomelu Lukaku
100%
84,702017-2018EvertonManchester UnitedRomelu Lukaku
100%
74,002019-2020Manchester UnitedInterRomelu Lukaku
100%
115,002019-2020ChelseaReal MadridEden Hazard
96%
60,002023-2024Stade RennaisManchester CityJérémy Doku
88%
45,002019-2020MonacoLeicesterYouri Tielemans
77%
46,502015-2016Aston VillaLiverpoolChristian Benteke
73%
62,102023-2024SouthamptonChelseaRoméo Lavia
62%
40,002012-2013BenficaZenit S-PbAxel Witsel
54%

Score Distribution

Percentile by Number Answered

Percent of People with Each Score

Your Score History

You have not taken this quiz